| 000 | 00572 a2200181 4500 | ||
|---|---|---|---|
| 003 | NUST | ||
| 005 | 20221117124027.0 | ||
| 010 | _a74129477 | ||
| 040 | _cNust | ||
| 082 | _a515,HER | ||
| 100 |
_aHerstein, I. N. _939138 |
||
| 245 |
_aIntroduction to the calculus / _cI. N. Herstein and Reuben Sandler |
||
| 260 |
_aLondon _bHarper _c1971 |
||
| 300 | _a309 p.: | ||
| 505 | _aDiffrerential calculus (Page-1), The integral calculus (Page-92), Special functions (Page-170), Infinite series (Page-227), Limits (Page-277). | ||
| 650 | _aCalculus | ||
| 942 |
_2ddc _cBK _k515,HER |
||
| 999 |
_c180344 _d180344 |
||